000 00331nam a2200097Ia 4500
008 241105s9999 xx 000 0 und d
041 _aeng
100 _aBhosale Sanjana
_9181638
245 _aLinear Landscape Infrastructure For Roads & Stream: A Case Of Wakad, P,C,M,C,Pune
260 _bBNCA M Arch Landscape Architecture
_aPune
_c2023
999 _c362072
_d362072